[Event "OAHU 2"]
[Site "www.echecsemail.com"]
[Date "2026.01.19"]
[Round "1"]
[White "Brettsinclair"]
[Black "Pgo"]
[WhiteElo "1910"]
[BlackElo "1700"]
[Result "1-0"]
1.d4 d5
2.c4 e6
3.Ng1f3 Ng8f6
4.Nb1c3 Bf8b4
5.a3 Bb4xc3
6.bxc3 O-O
7.c5 Nb8c6
8.h3 a6
9.e3 Nf6e4
10.Qd1c2 b5
11.cxb6 cxb6
12.Bf1e2 b5
13.O-O Bc8b7
14.Be2d3 f5
15.Ra1b1 g6
16.Bd3xe4 fxe4
17.Nf3h2 Qd8f6
18.Nh2g4 Qf6g7
19.Qc2e2 h5
20.Ng4h2 Nc6a5
21.Bc1d2 Na5c4
22.Bd2c1 Bb7c6
23.f3 exf3
24.Nh2xf3 Nc4xa3
25.Bc1xa3 Rf8f7
26.Nf3e5 Rf7xf1
27.Rb1xf1 Bc6d7
28.Rf1f3 h4
29.Qe2f2 g5
30.Ne5g4 Kh8
31.Rf3f7 Qg7g8
32.Qf2f6 Qg8g7
33.Qf6xg7 1-0

[Event "Coupe Niveau 3"]
[Site "www.echecsemail.com"]
[Date "2026.01.19"]
[Round "1"]
[White "Patau"]
[Black "Onetwoyve"]
[WhiteElo "1700"]
[BlackElo "1910"]
[Result "0-1"]
1.e4 e5
2.Ng1f3 Ng8f6
3.Nb1c3 Nb8c6
4.d4 d6
5.dxe5 Nc6xe5
6.Nf3xe5 dxe5
7.Qd1xd8 Kxd8
8.Bf1c4 Ke7
9.O-O h6
10.Bc1e3 b6
11.Nc3d5 Nf6xd5
12.Bc4xd5 Ra8b8
13.Bd5c6 Bc8d7
14.Bc6xd7 Kxd7
15.Rf1d1 Ke6
16.Rd1d3 Bf8d6
17.Ra1d1 Rh8f8
18.c4 a5
19.a4 f5
20.exf5 Rf8xf5
21.f3 Rf5f7
22.Rd3d5 Rf7d7
23.Kf1 Rb8d8
24.c5 bxc5
25.Rd1e1 c6
26.Be3xc5 cxd5
{ abandon }0-1

[Event "Défi"]
[Site "www.echecsemail.com"]
[Date "2026.01.19"]
[Round "1"]
[White "Bouffon"]
[Black "Titit1"]
[WhiteElo "1710"]
[BlackElo "1450"]
[Result "1-0"]
1.e4 Ng8f6
2.d3 e5
3.Ng1f3 Nb8c6
4.c3 Bf8c5
5.b4 Bc5b6
6.a4 Nf6g4
7.d4 d6
8.a5 Bb6xd4
9.cxd4 Nc6xd4
10.Nf3xd4 exd4
11.Bf1e2 Qd8h4
12.Be2xg4 Bc8xg4
13.Qd1xd4 O-O
14.O-O Rf8e8
15.Rf1e1 Bg4d7
16.Qd4e3 Bd7c6
17.Nb1c3 Re8e7
18.Qe3g5 Qh4xg5
19.Bc1xg5 Re7e5
20.Bg5f4 Re5e8
21.f3 Re8e7
22.b5 Bc6d7
23.Nc3d5 Re7e8
24.Nd5xc7 Ra8c8
25.Nc7xe8 Rc8xe8
26.b6 a6
27.Bf4xd6 Re8e6
28.e5 Bd7b5
29.Ra1c1 h6
30.Rc1c7 Bb5c6
31.Re1e3 Kh7
32.f4 Kg6
33.Rc7e7 Re6xe7
34.Bd6xe7 Kf5
35.h3 Kxf4
36.Be7c5 g5
37.Kf2 h5
38.g3 Kf5
39.Bc5e7 g4
40.h4 Bc6d5
41.Be7f6 Bd5c6
42.Ke2 Kg6
43.Kd3 Kf5
44.Kd4 Bc6a4
45.Kc5 Ba4c2
46.Kd6 Bc2e4
47.Ke7 Be4f3
48.Kxf7 Bf3d1
49.Bf6g5 Bd1f3
50.Kg7 Ke6
51.Kh6 Kd5
52.e6 Kd6
53.e7 Kd7
54.Kxh5 Ke8
55.Re3d3 Kf7
56.Rd3d8 Ke6
57.e8Q Kf5
58.Qe8f7 Ke4
59.Qf7f4 1-0

[Event "Défi"]
[Site "www.echecsemail.com"]
[Date "2026.01.19"]
[Round "1"]
[White "Gambitmiau"]
[Black "Kerenor"]
[WhiteElo "1340"]
[BlackElo "1590"]
[Result "0-1"]
1.e4 e5
2.Bf1c4 Ng8f6
3.Ng1f3 d5
4.exd5 e4
5.Nf3d4 Bf8c5
6.O-O Bc5xd4
7.d3 Qd8d6
8.Bc1g5 Bc8f5
9.Bg5xf6 Bd4xf6
10.Rf1e1 Bf6e5
11.dxe4 Be5xh2
12.Kh1 Bf5g6
13.Qd1g4 Nb8d7
14.e5 Bh2xe5
15.Nb1c3 O-O-O
16.Nc3b5 Qd6c5
17.c3 Kb8
18.Re1e3 h5
19.Qg4e2 a6
20.Nb5a3 Be5d6
21.b4 Qc5b6
22.Bc4d3 Nd7f6
23.Na3c4 Qb6b5
24.Nc4xd6 Qb5d7
25.Bd3xa6 Qd7xd6
26.Qe2b5 b6
27.a4 Bg6e4
28.a5 Be4xd5
29.Re3d3 Nf6g4
30.f3 Ng4f2
31.Kg1 Nf2xd3
32.Qb5xd3 Qd6e6
33.axb6 Qe6xb6
34.Kh2 Bd5b7
35.Qd3c2 Bb7xa6
36.c4 Qb6d6
37.Kh3 Qd6e6
38.Kh4 Qe6f6
39.Kg3 Qf6xa1
40.b5 Ba6b7
41.c5 Qa1e5
42.Kf2 Qe5d4
43.Kg3 h4
44.Kh3 Qd4d7
45.Kh2 Qd7xb5
{ abandon }0-1

[Event "Défi( 10J+24H/c 10J Max )"]
[Site "www.echecsemail.com"]
[Date "2026.01.19"]
[Round "1"]
[White "Luc20"]
[Black "Titit1"]
[WhiteElo "1830"]
[BlackElo "1460"]
[Result "0-1"]
1.d4 d5
2.Ng1f3 Nb8c6
3.Bc1f4 Ng8f6
4.e3 Bc8g4
5.Nb1d2 Qd8d7
6.Bf1b5 e6
7.h3 Bg4f5
8.Nf3h4 O-O-O
9.Nh4xf5 exf5
10.O-O Bf8d6
11.Bf4g5 h6
12.Bg5xf6 gxf6
13.f4 a6
14.Bb5a4 b5
15.Ba4b3 Nc6e7
16.c3 Rh8g8
17.Qd1h5 Ne7c6
18.Bb3xd5 Rd8f8
19.Qh5xh6 Qd7e7
20.Ra1e1 Qe7d7
21.Qh6xf6 Rg8g6
22.Qf6h4 Nc6e7
23.Bd5f3 Rg6g8
24.Re1c1 Rg8h8
25.Qh4f2 Rf8g8
26.a3 Qd7e6
27.Rf1e1 Rh8xh3
28.Nd2f1 Qe6h6
29.g3 Rg8h8
30.Qf2g2 Rh8g8
31.e4 Bd6xf4
32.Rc1c2 Bf4xg3
33.Nf1xg3 Rg8xg3
34.Qg2xg3 Rh3xg3
35.Kf2 Qh6h2
36.Ke3 Qh2xc2
37.Kf4 Rg3h3
38.Re1e2 Qc2d3
39.Re2e3 Qd3c4
40.exf5 Kd8
41.Re3e2 c6
42.Bf3g4 Rh3h8
43.f6 Ne7d5
44.Kf5 Qc4d3
45.Kg5 Qd3g6
0-1

[Event "Coupe Niveau 7"]
[Site "www.echecsemail.com"]
[Date "2026.01.19"]
[Round "1"]
[White "Orosco"]
[Black "Carrighir"]
[WhiteElo "2200"]
[BlackElo "2120"]
[Result "1-0"]
1.e4 c5
2.Ng1f3 d6
3.d4 cxd4
4.Nf3xd4 Ng8f6
5.Nb1c3 g6
6.Bc1e3 Bf8g7
7.f3 Nb8c6
8.Qd1d2 Bc8d7
9.O-O-O Ra8c8
10.Kb1 h5
11.h3 a6
12.Bf1e2 Nc6e5
13.f4 Ne5c4
14.Be2xc4 Rc8xc4
15.e5 Rc4xc3
16.exf6 Bg7xf6
17.Qd2xc3 O-O
18.g4 hxg4
19.hxg4 Bd7xg4
20.Rd1f1 Qd8c8
21.Qc3d2 Bf6xd4
22.Be3xd4 f6
23.Qd2h2 Bg4h5
24.f5 Kf7
25.Qh2g3 { abandon }1-0

[Event "Tournoi n27406"]
[Site "www.echecsemail.com"]
[Date "2026.01.19"]
[Round "1"]
[White "Tiounet"]
[Black "Wenoketo"]
[WhiteElo "1620"]
[BlackElo "1710"]
[Result "0-1"]
1.a3 e5
2.b4 a6
3.Bc1b2 d6
4.g3 Bc8f5
5.Bf1g2 c6
6.Ng1f3 h6
7.O-O Ng8f6
8.d3 Bf8e7
9.Rf1e1 O-O
10.c4 Nb8d7
11.Nb1c3 Ra8c8
12.a4 b6
13.b5 axb5
14.axb5 c5
15.Ra1a7 Nf6e8
16.Qd1a4 Ne8c7
17.Nf3h4 Bf5e6
18.Nh4f3 f6
19.Nf3d2 f5
20.e3 g5
21.f4 g4
22.fxe5 Nd7xe5
23.d4 Ne5d3
24.Re1b1 Nd3xb2
25.Rb1xb2 Be7g5
26.Nd2f1 h5
27.d5 Be6f7
28.Ra7b7 Rc8b8
29.Qa4a7 Rb8xb7
30.Qa7a5 bxa5
31.Rb2a2 Bf7g6
{ abandon }0-1

[Event "Tournoi n27402"]
[Site "www.echecsemail.com"]
[Date "2026.01.19"]
[Round "1"]
[White "Tiounet"]
[Black "Verson"]
[WhiteElo "1650"]
[BlackElo "1860"]
[Result "0-1"]
1.a3 d5
2.b4 Ng8f6
3.Bc1b2 e6
4.g3 Bf8d6
5.Bf1g2 Nb8d7
6.Ng1f3 e5
7.O-O O-O
8.d3 Rf8e8
9.Nb1d2 Nd7f8
10.e3 Bc8g4
11.Qd1c1 Qd8d7
12.Rf1e1 Nf8e6
13.Bb2xe5 Bd6xe5
14.Nf3xe5 Qd7d6
15.Ne5xg4 Nf6xg4
16.Qc1b1 Ne6g5
17.c4 Qd6h6
18.h4 Ng5e6
19.Bg2xd5 g5
20.Nd2f3 c6
21.Bd5xe6 Re8xe6
22.Nf3xg5 Re6e7
23.d4 Ra8e8
24.Qb1f5 Ng4f6
25.c5 Qh6g6
26.Qf5f3 h6
27.Ng5h3 Nf6e4
28.Nh3f4 Qg6f6
29.Qf3g4 Kh7
30.Nf4h5 Qf6xf2
31.Kh1 Re8g8
32.Qg4e2 Qf2f5
33.Nh5f4 Ne4xg3
{ abandon }0-1

[Event "Eq:Pirates du Mat-modesty :"]
[Site "www.echecsemail.com"]
[Date "2026.01.19"]
[Round "1"]
[White "Thierry7ardeche"]
[Black "Sp52"]
[WhiteElo "2120"]
[BlackElo "2460"]
[Result "0-1"]
1.e4 e5
2.Bf1c4 Ng8f6
3.d4 exd4
4.Ng1f3 Nb8c6
5.Bc1g5 Bf8e7
6.O-O Nf6xe4
7.Bg5xe7 Nc6xe7
8.Qd1xd4 Ne4f6
9.Rf1e1 O-O
10.Nb1c3 d5
11.Bc4d3 c6
12.Re1e2 Ne7f5
13.Qd4f4 Nf6h5
14.Qf4d2 Nf5h4
15.Nf3g5 h6
16.Ng5h7 Rf8e8
17.Re2xe8 Qd8xe8
18.Ra1e1 Qe8d8
19.Re1e5 g5
20.Qd2e2 Nh5g7
21.Re5e7 Qd8d6
22.Qe2e5 Qd6xe5
23.Re7xe5 f5
24.Nh7f6 Kf7
25.Nf6xd5 cxd5
26.Nc3xd5 Nh4g6
27.Re5e1 Ra8b8
28.b3 Bc8e6
29.Nd5c7 Kf6
30.f3 Ng6f4
31.Re1e3 Rb8c8
32.Nc7b5 a6
33.Nb5d6 Rc8c7
34.Nd6c4 Nf4xd3
35.cxd3 Be6xc4
36.dxc4 Rc7d7
37.a4 Rd7d2
38.Kf1 Ng7e6
39.a5 Rd2a2
40.b4 Ra2b2
41.b5 axb5
42.cxb5 Rb2xb5
43.Re3a3 Ne6c5
44.Kf2 Rb5b2
45.Kg3 Rb2b3
46.Ra3a2 f4
47.Kg4 Kg6
48.h4 h5
49.Kh3 g4
50.Kh2 g3
51.Kh3 Rb3b1
{ abandon }0-1

[Event "1001"]
[Site "www.echecsemail.com"]
[Date "2026.01.19"]
[Round "1"]
[White "Katastrofic"]
[Black "Turbo"]
[WhiteElo "1380"]
[BlackElo "1290"]
[Result "1-0"]
1.e4 e5
2.Bf1c4 Ng8f6
3.d3 Bf8c5
4.a3 d6
5.h3 O-O
6.Ng1f3 h6
7.O-O a6
8.b4 Bc5a7
9.Bc1b2 b5
10.Bc4a2 c5
11.c4 bxc4
12.Ba2xc4 Nb8c6
13.Nb1c3 cxb4
14.Bc4d5 Ra8b8
15.Bd5xc6 bxc3
16.Bb2xc3 Nf6h5
17.Bc6d5 Qd8c7
18.Bc3d2 Bc8e6
19.Bd5xe6 fxe6
20.Nf3xe5 dxe5
21.Qd1xh5 Rb8e8
22.Qh5g4 Ba7b8
23.Bd2xh6 Rf8f7
24.Ra1b1 Re8e7
25.Rf1c1 Qc7d8
26.Bh6g5 Bb8a7
27.Bg5xe7 Rf7xe7
28.Rc1c3 Qd8f8
29.Rb1f1 Ba7b8
30.Rf1c1 Bb8a7
31.Rc3c8 Re7e8
32.Rc8xe8 Qf8xe8
33.Qg4g5 Qe8f8
34.Rc1c2 Qf8xa3
35.Rc2c8 Kf7
36.Rc8c7 Ke8
37.Rc7xa7 Qa3a1
38.Kh2 Qa1a3
39.Qg5xg7 a5
40.Ra7a8 1-0

[Event "1301"]
[Site "www.echecsemail.com"]
[Date "2026.01.19"]
[Round "1"]
[White "Turbo"]
[Black "Katastrofic"]
[WhiteElo "1300"]
[BlackElo "1370"]
[Result "1-0"]
1.e4 c5
2.Bf1c4 e6
3.a3 Bf8e7
4.Ng1f3 d6
5.O-O a6
6.b4 b5
7.Bc4e2 c4
8.c3 Bc8b7
9.d3 d5
10.e5 Ra8a7
11.Bc1e3 Nb8d7
12.dxc4 dxc4
13.a4 Bb7xf3
14.Be3xa7 Bf3xe2
15.Qd1xe2 Nd7b6
16.a5 Nb6c8
17.Ba7d4 f6
18.exf6 Ng8xf6
19.Nb1d2 Qd8d7
20.Ra1e1 O-O
21.Qe2f3 Nf6d5
22.Qf3g3 Be7f6
23.Re1e4 Bf6xd4
24.Re4xd4 Rf8f7
25.Nd2f3 Qd7e7
26.Rf1e1 Nd5f4
27.Rd4xf4 Rf7xf4
28.Qg3xf4 h6
29.Qf4b8 Qe7e8
30.Nf3d4 e5
31.Re1xe5 { abandon }1-0

[Event "1301"]
[Site "www.echecsemail.com"]
[Date "2026.01.19"]
[Round "1"]
[White "4x4"]
[Black "Turbo"]
[WhiteElo "1480"]
[BlackElo "1300"]
[Result "0-1"]
1.Nb1c3 e5
2.e4 Nb8c6
3.d3 a6
4.Bc1e3 h6
5.Ng1f3 Bf8e7
6.Qd1d2 Ng8f6
7.O-O-O b5
8.Bf1e2 Nc6b4
9.a3 Nb4c6
10.Nf3e1 O-O
11.f3 d5
12.g4 d4
13.Nc3d5 Nf6xd5
14.exd5 dxe3
15.Qd2xe3 Be7g5
16.f4 Bg5xf4
17.dxc6 Bf4xe3
18.Kb1 Be3g5
19.Ne1f3 Bc8xg4
20.Rd1e1 Qd8d5
21.Rh1g1 Bg4e6
22.b3 Qd5xc6
23.Nf3xe5 Qc6c3
24.Ne5f3 Bg5f6
25.Be2d1 Qc3b2
0-1

[Event "Défi"]
[Site "www.echecsemail.com"]
[Date "2026.01.19"]
[Round "1"]
[White "Khamis"]
[Black "Cloclo"]
[WhiteElo "1830"]
[BlackElo "1870"]
[Result "0-1"]
1.d4 Ng8f6
2.c4 e6
3.Nb1c3 Bf8b4
4.Ng1f3 O-O
5.Qd1c2 b6
6.Bc1g5 Nb8c6
7.e3 Bc8a6
8.Bf1d3 Nc6a5
9.Nf3d2 c6
10.O-O d5
11.cxd5 Ba6xd3
12.Qc2xd3 cxd5
13.Rf1c1 Ra8c8
14.a3 Bb4e7
15.b4 Na5c6
16.Rc1c2 Be7xb4
17.Qd3e2 Bb4xc3
18.Rc2xc3 Nc6xd4
19.Qe2d3 Rc8xc3
20.Qd3xd4 Rc3c5
21.Nd2b3 Rc5c7
22.h3 Rc7c4
23.Qd4d1 h6
24.Bg5f4 Nf6e4
25.Nb3d2 Ne4xd2
26.Qd1xd2 Qd8c8
27.Qd2e2 Rc4c2
28.Qe2g4 Qc8d8
29.Bf4xh6 Qd8f6
30.Bh6xg7 Qf6xg7
31.Qg4xg7 Kxg7
32.a4 Rf8c8
33.a5 Rc2c1
34.Ra1xc1 Rc8xc1
35.Kh2 bxa5
{ abandon }0-1

[Event "Défi"]
[Site "www.echecsemail.com"]
[Date "2026.01.19"]
[Round "1"]
[White "Elghribi"]
[Black "Chomi64"]
[WhiteElo "1920"]
[BlackElo "1880"]
[Result "0-1"]
1.e4 c5
2.Ng1f3 Nb8c6
3.d4 cxd4
4.Nf3xd4 Qd8b6
5.Nd4xc6 dxc6
6.c4 e5
7.Bf1e2 Ng8f6
8.Qd1c2 Bf8c5
9.O-O Bc5d4
10.Be2d3 Bc8g4
11.h3 Bg4e6
12.Nb1c3 h6
13.a3 a6
14.Nc3a4 Qb6c7
15.Ra1b1 O-O
16.b4 Ra8c8
17.Bc1b2 Rf8d8
18.c5 Nf6h5
19.Na4b6 Rc8b8
20.Kh2 Nh5f4
21.Bb2xd4 exd4
22.Rf1d1 Nf4xd3
{ abandon }0-1

[Event "Tournoi n27383"]
[Site "www.echecsemail.com"]
[Date "2026.01.19"]
[Round "1"]
[White "Pgo"]
[Black "Tiounet"]
[WhiteElo "1730"]
[BlackElo "1640"]
[Result "1/2-1/2"]
1.e4 a6
2.Ng1f3 b5
3.d4 Bc8b7
4.Bc1f4 Bb7xe4
5.Bf1d3 Be4b7
6.O-O g6
7.Nb1c3 Bf8g7
8.Bd3e4 Bb7xe4
9.Nc3xe4 Ng8f6
10.Ne4c5 O-O
11.c3 d6
12.Nc5d3 Nf6d5
13.Bf4g3 Nb8d7
14.h3 Ra8c8
15.a3 c5
16.dxc5 Nd7xc5
17.Nd3f4 Nd5xf4
18.Bg3xf4 Rf8e8
19.Rf1e1 Nc5a4
20.Qd1b3 Na4c5
21.Qb3c2 Qd8b6
22.Bf4e3 Qb6c6
23.Be3xc5 Qc6xc5
24.Re1e3 a5
25.Ra1c1 b4
26.c4 d5
27.axb4 axb4
28.b3 Bg7c3
29.Rc1d1 dxc4
30.bxc4 Qc5xc4
31.Qc2d3 Qc4xd3
32.Re3xd3 e6
33.Rd1b1 Rc8b8
34.g3 Re8c8
35.h4 f5
36.Nf3g5 e5
37.Rd3d7 h6
38.Ng5e6 e4
39.Ne6f4 Rc8d8
40.Rd7xd8 Rb8xd8
41.Nf4xg6 Rd8b8
42.Ng6e7 Kf7
43.Ne7xf5 Kg6
44.Nf5d6 b3
45.Nd6xe4 Bc3d4
46.Ne4d2 b2
47.Kf1 Rb8a8
48.Ke2 Ra8a1
49.Kd3 Ra1xb1
50.Nd2xb1 Bd4xf2
51.Kc2 Bf2d4
52.g4 h5
53.gxh5 Kxh5
54.Nb1d2 Bd4h8
55.Nd2f3 Kg4
56.Nf3e1 Kxh4
57.Ne1d3 { nul }1/2-1/2

[Event "Coupe Niveau 6"]
[Site "www.echecsemail.com"]
[Date "2026.01.19"]
[Round "1"]
[White "Jmarcboury"]
[Black "Carrighir"]
[WhiteElo "2230"]
[BlackElo "2110"]
[Result "1-0"]
1.e4 c5
2.Ng1f3 d6
3.c3 Ng8f6
4.h3 Nb8c6
5.Bf1d3 e5
6.O-O Bf8e7
7.Bd3c2 O-O
8.d4 cxd4
9.cxd4 Qd8c7
10.Bc1e3 b6
11.d5 Nc6b4
12.Nb1c3 Bc8a6
13.Rf1e1 Ra8c8
14.Ra1c1 Nb4xc2
15.Qd1xc2 Nf6d7
16.b4 Qc7c4
17.a3 Rc8c7
18.Qc2b2 Rf8c8
19.Nf3d2 Qc4d3
20.Nd2b1 Nd7f6
21.Re1d1 Qd3c4
22.f3 Nf6h5
23.b5 Ba6b7
24.Nc3a2 Qc4a4
25.Nb1c3 Rc7xc3
26.Na2xc3 Qa4c4
27.Nc3a2 Qc4a4
28.Qb2b4 Qa4xb4
29.Na2xb4 { abandon }1-0

[Event "Eq:Fair play-LES CHATTERBOX :"]
[Site "www.echecsemail.com"]
[Date "2026.01.19"]
[Round "1"]
[White "Uji40"]
[Black "Lejardinier"]
[WhiteElo "1640"]
[BlackElo "1780"]
[Result "0-1"]
1.e4 c6
2.d4 d5
3.Nb1c3 dxe4
4.Nc3xe4 Nb8d7
5.Bf1c4 e6
6.Ng1f3 b5
7.Bc4d3 Bf8e7
8.Bc1d2 Bc8b7
9.b4 Ng8f6
10.Nf3g5 Nf6xe4
11.Bd3xe4 Be7xg5
12.Bd2xg5 Qd8xg5
13.O-O O-O
14.Rf1e1 Nd7f6
15.a4 Nf6xe4
16.Re1xe4 f5
17.Re4xe6 c5
18.f3 cxd4
19.Qd1xd4 Bb7xf3
20.Qd4f2 Bf3e4
21.axb5 Be4d5
22.Re6e5 Bd5e4
23.c4 Qg5f6
24.Re5xe4 Qf6xa1
25.Re4e1 Qa1c3
26.Qf2c5 Qc3xe1
0-1

[Event "CC Automne 2025"]
[Site "www.echecsemail.com"]
[Date "2026.01.19"]
[Round "1"]
[White "Rons"]
[Black "Alain64"]
[WhiteElo "2580"]
[BlackElo "2130"]
[Result "1-0"]
1.e4 c5
2.Ng1f3 Nb8c6
3.Bf1b5 d6
4.O-O Bc8d7
5.Rf1e1 a6
6.Bb5xc6 Bd7xc6
7.d4 cxd4
8.Nf3xd4 Ng8f6
9.Nd4xc6 bxc6
10.Qd1f3 e5
11.Bc1g5 Bf8e7
12.Nb1d2 h6
13.Bg5xf6 Be7xf6
14.Nd2c4 Qd8c7
15.Qf3d3 Bf6e7
16.Ra1d1 O-O
17.h3 Ra8d8
18.Qd3b3 Kh8
19.Nc4e3 g6
20.Qb3c4 a5
21.Ne3d5 Qc7b7
22.Nd5xe7 Qb7xe7
23.Qc4xc6 f5
24.exf5 gxf5
25.c4 Rf8g8
26.Re1e3 f4
27.Re3b3 e4
28.Rb3b7 Qe7e6
29.Qc6d5 Qe6xd5
30.Rd1xd5 Rg8g7
31.Rb7xg7 Kxg7
32.Rd5xa5 Kf6
33.b3 Rd8b8
34.Ra5b5 Rb8a8
35.g4 Ra8xa2
36.Kg2 f3
37.Kg3 Ra2b2
38.Rb5f5 Ke6
39.Kf4 e3
40.fxe3 f2
41.Kg3 Rb2xb3
42.Kxf2 Rb3c3
43.Kf3 Rc3xc4
44.Ke2 Rc4c2
45.Kd3 Rc2h2
46.Rf5h5 { abandon }1-0

[Event "Tournoi n27366"]
[Site "www.echecsemail.com"]
[Date "2026.01.19"]
[Round "1"]
[White "Smaug"]
[Black "Katastrofic"]
[WhiteElo "1420"]
[BlackElo "1410"]
[Result "1-0"]
1.d4 d5
2.Nb1c3 e6
3.Bc1f4 a6
4.Ng1f3 Bf8e7
5.e3 Ng8f6
6.Bf1d3 O-O
7.h3 h6
8.Nf3e5 Nb8d7
9.Bf4h2 c5
10.f4 c4
11.Bd3g6 fxg6
12.Ne5xg6 Rf8f7
13.O-O Nd7f8
14.f5 Nf8xg6
15.fxg6 Rf7f8
16.Rf1f2 Be7b4
17.Nc3e2 Nf6e4
18.Rf2xf8 Qd8xf8
19.Bh2f4 Bb4e7
20.Ne2g3 Ne4xg3
21.Bf4xg3 b5
22.Bg3e5 Be7f6
23.Qd1h5 Bf6g5
24.Be5f4 Bg5xf4
25.exf4 Qf8xf4
26.c3 a5
27.Ra1f1 Qf4g5
28.Qh5f3 Bc8d7
29.Qf3f7 Kh8
30.Qf7f8 Ra8xf8
31.Rf1xf8 1-0

[Event "La Diagonale du fou 9"]
[Site "www.echecsemail.com"]
[Date "2026.01.19"]
[Round "1"]
[White "Woluwe1975"]
[Black "Dameroi"]
[WhiteElo "1640"]
[BlackElo "1850"]
[Result "0-1"]
1.Ng1f3 d5
2.d4 Ng8f6
3.Bc1f4 Nb8d7
4.h3 e6
5.e3 Bf8d6
6.Nf3e5 Nf6e4
7.Bf1d3 Nd7xe5
8.Bf4xe5 f6
9.Bd3xe4 dxe4
10.Be5xd6 Qd8xd6
11.c3 O-O
12.Nb1d2 f5
13.Qd1e2 Bc8d7
14.O-O-O a5
15.Nd2c4 Qd6e7
16.Nc4e5 Bd7e8
17.g3 b5
18.d5 Ra8d8
19.Ne5c6 Be8xc6
20.dxc6 Qe7c5
21.Rd1xd8 Rf8xd8
22.Rh1d1 Rd8xd1
23.Qe2xd1 Qc5d5
24.Qd1xd5 exd5
25.b3 Kf7
26.a3 Ke7
27.Kc2 Kd6
28.b4 a4
29.h4 Kxc6
30.Kd2 Kd6
31.Ke2 c5
32.Kd2 cxb4
33.cxb4 Ke5
34.Ke2 d4
35.f4 Kd5
36.exd4 Kxd4
37.Kd2 Kc4
38.Kc2 e3
39.h5 g6
40.h6 Kd4
{ abandon }0-1

[Event "Défi"]
[Site "www.echecsemail.com"]
[Date "2026.01.19"]
[Round "1"]
[White "Jmr"]
[Black "Gilberthellemans"]
[WhiteElo "1530"]
[BlackElo "1630"]
[Result "1-0"]
1.e4 e5
2.Ng1f3 d6
3.h3 Ng8f6
4.Nb1c3 c6
5.Bf1c4 b5
6.Bc4b3 Bf8e7
7.O-O Bc8a6
8.Rf1e1 Nb8d7
9.a3 c5
10.Nc3d5 c4
11.Bb3a2 Ba6b7
12.Nd5xe7 Qd8xe7
13.d3 cxd3
14.cxd3 O-O
15.b4 h6
16.Bc1b2 Nf6h5
17.Bb2c1 Ra8c8
18.Bc1e3 a6
19.Ra1c1 Nh5f6
20.Qd1d2 Kh7
21.Nf3h4 d5
22.f3 d4
23.Be3f2 Nf6h5
24.g3 g5
25.Nh4f5 Nh5g7
26.Nf5xe7 Rc8xc1
27.Re1xc1 Nd7b6
28.Ba2b3 f6
29.Rc1c7 Bb7a8
30.Ne7f5 { abandon }1-0

[Event "Défi"]
[Site "www.echecsemail.com"]
[Date "2026.01.19"]
[Round "1"]
[White "Whisky"]
[Black "Turbo"]
[WhiteElo "1330"]
[BlackElo "1300"]
[Result "1-0"]
1.Ng1f3 d5
2.g3 h6
3.Bf1g2 Ng8f6
4.O-O Bc8g4
5.Nf3e5 Nb8c6
6.Ne5xc6 bxc6
7.f3 Bg4e6
8.d4 g5
9.Nb1c3 Be6d7
10.b3 e6
11.Bc1e3 Bf8d6
12.Qd1d3 Ke7
13.a4 Nf6h7
14.a5 Nh7f6
15.a6 Kf8
16.Nc3d1 Bd6e7
17.Nd1f2 Bd7c8
18.c4 Be7b4
19.Ra1a4 dxc4
20.Qd3xc4 c5
21.dxc5 Bc8d7
22.Ra4xb4 Ra8b8
23.c6 Rb8xb4
24.Qc4xb4 Kg7
25.Be3xa7 Bd7xc6
26.Rf1d1 Qd8c8
27.f4 g4
28.Rd1a1 Bc6xg2
29.Kxg2 Rh8d8
30.Ba7d4 Rd8xd4
31.Qb4xd4 c5
32.Qd4c3 Qc8c6
33.Kg1 Kg6
34.a7 Qc6a8
35.Qc3xc5 Nf6d7
36.Qc5b5 f5
37.Qb5xd7 { abandon }1-0

[Event "Eq:Mission Impossible-Pirates du Mat :"]
[Site "www.echecsemail.com"]
[Date "2026.01.19"]
[Round "1"]
[White "Roka"]
[Black "Azerty1"]
[WhiteElo "2150"]
[BlackElo "2150"]
[Result "0-1"]
1.e4 e6
2.d3 d5
3.Nb1d2 c5
4.Ng1f3 Ng8f6
5.g3 Nb8c6
6.Bf1g2 Bf8e7
7.O-O O-O
8.c3 b5
9.e5 Nf6d7
10.d4 Bc8a6
11.Rf1e1 b4
12.a3 bxc3
13.bxc3 Ra8b8
14.Nd2f1 Qd8c7
15.h4 Rb8b7
16.Bc1g5 Be7xg5
17.hxg5 Rf8b8
18.Nf1e3 Rb7b3
19.Qd1c1 Qc7a5
20.Ne3d1 cxd4
21.cxd4 Rb3xf3
22.Nd1e3 Nc6xd4
23.Qc1d1 Rf3xe3
24.Re1xe3 Nd4f5
25.Re3e1 Qa5d8
26.Qd1g4 Qd8c7
27.Qg4f4 Nf5e7
28.Ra1c1 Qc7b6
29.Qf4a4 Ba6b5
30.Qa4b4 Ne7c6
31.Qb4f4 Nd7c5
32.Rc1xc5 Qb6xc5
33.a4 Bb5c4
34.Bg2f3 Qc5d4
35.Bf3h5 Qd4xf4
36.gxf4 Rb8b4
37.Bh5d1 Rb4b1
{ abandon }0-1

[Event "Défi"]
[Site "www.echecsemail.com"]
[Date "2026.01.19"]
[Round "1"]
[White "Intrigue"]
[Black "Lancov"]
[WhiteElo "1690"]
[BlackElo "1920"]
[Result "0-1"]
1.d4 d6
2.c4 Ng8f6
3.Ng1f3 g6
4.Nb1c3 Bf8g7
5.e4 c6
6.Bf1d3 Bc8g4
7.O-O Nb8d7
8.h3 Bg4xf3
9.Qd1xf3 Qd8c7
10.Rf1e1 O-O-O
11.Bc1e3 e5
12.b4 Rd8f8
13.a4 Nf6h5
14.b5 exd4
15.Ra1c1 dxe3
16.Qf3xe3 c5
17.Nc3d5 Qc7d8
18.Bd3e2 Bg7d4
19.Qe3d2 Qd8h4
20.Be2xh5 Qh4xh5
21.Qd2f4 Bd4e5
22.Qf4e3 f5
23.exf5 gxf5
24.a5 Rf8e8
25.Qe3a3 Qh5h4
26.b6 a6
27.Qa3a4 Rh8g8
28.Re1e3 Be5d4
29.Re3f3 Qh4g5
30.Rf3g3 Qg5xc1
31.Kh2 Rg8xg3
32.Kxg3 Bd4e5
33.f4 Re8g8
34.Kf3 Qc1f1
35.Ke3 Be5d4
36.Kd2 Rg8xg2
0-1

[Event "Tournoi n27380"]
[Site "www.echecsemail.com"]
[Date "2026.01.19"]
[Round "1"]
[White "Verson"]
[Black "Oranmore"]
[WhiteElo "1870"]
[BlackElo "1900"]
[Result "0-1"]
1.d4 d5
2.Ng1f3 Ng8f6
3.e3 Bc8f5
4.c4 e6
5.Qd1b3 Qd8c8
6.Nb1c3 c6
7.cxd5 exd5
8.Bf1e2 Bf8e7
9.Bc1d2 h6
10.O-O Bf5e6
11.Ra1c1 O-O
12.Nc3a4 b6
13.Rc1c2 Qc8b7
14.Nf3e5 Nf6d7
15.Rf1c1 Nd7xe5
16.Na4c5 Be7xc5
17.Rc2xc5 Qb7e7
18.Rc5c2 Ne5c4
19.Be2xc4 dxc4
20.Qb3c3 Nb8a6
21.b3 b5
22.bxc4 Be6xc4
23.a4 Rf8c8
24.axb5 cxb5
25.Qc3b2 Qe7e6
26.Bd2c3 f6
27.Rc2d2 Na6c7
28.Bc3b4 a5
29.Bb4c5 Qe6e4
30.Qb2c3 Nc7d5
31.Qc3c2 Qe4xc2
32.Rd2xc2 a4
33.Rc1a1 Bc4b3
34.Rc2c1 Kf7
35.Kf1 Ra8a6
36.g3 f5
37.Bc5b4 Rc8xc1
38.Ra1xc1 Nd5xb4
39.Ke2 Bb3c4
40.Kd2 a3
{ abandon }0-1

[Event "Coupe Niveau 4"]
[Site "www.echecsemail.com"]
[Date "2026.01.19"]
[Round "1"]
[White "Elghribi"]
[Black "Verson"]
[WhiteElo "1950"]
[BlackElo "1840"]
[Result "0-1"]
1.e4 e6
2.d4 d5
3.e5 c5
4.c3 Nb8c6
5.Bf1b5 Bc8d7
6.Bb5xc6 Bd7xc6
7.Ng1f3 cxd4
8.cxd4 Ng8e7
9.O-O Ne7f5
10.Nb1c3 Bf8e7
11.a3 O-O
12.b4 Ra8c8
13.Bc1b2 Qd8d7
14.Ra1c1 Bc6b5
15.Nc3xb5 Qd7xb5
16.Qd1d2 Qb5d7
17.Rc1xc8 Rf8xc8
18.Rf1c1 Rc8xc1
19.Qd2xc1 Nf5h4
20.Nf3xh4 Be7xh4
21.g3 Bh4d8
22.Qc1c2 Qd7c7
23.Qc2xc7 Bd8xc7
24.f4 b5
25.Kf2 Kf8
26.Kf3 Ke7
27.g4 f6
28.f5 exf5
29.gxf5 fxe5
30.dxe5 Bc7b6
31.Kf4 a6
32.e6 g6
33.h4 Bb6f2
34.fxg6 hxg6
35.Kg5 Kxe6
36.Bb2c3 d4
{ abandon }0-1

[Event "Défi( 10J+24H/c 10J Max )"]
[Site "www.echecsemail.com"]
[Date "2026.01.19"]
[Round "1"]
[White "Youliyouli"]
[Black "Pourquoipas"]
[WhiteElo "1900"]
[BlackElo "1660"]
[Result "0-1"]
1.e4 e5
2.Ng1f3 Ng8f6
3.Nb1c3 Nb8c6
4.Bf1c4 Bf8c5
5.O-O O-O
6.a3 Nc6d4
7.d3 d6
8.h3 Nf6h5
9.Bc1g5 Nd4xf3
10.Qd1xf3 Qd8xg5
11.Nc3d5 Nh5g3
12.Nd5xc7 Ra8b8
13.Rf1e1 b6
14.c3 Kh8
15.b4 Bc5xf2
16.Kxf2 Ng3h5
17.Nc7e6 Bc8xe6
18.Kg1 Be6d7
19.Re1f1 Nh5f4
20.Kh1 f5
21.Ra1e1 Rf8f6
22.Rf1g1 Rf6h6
23.d4 Rb8f8
24.dxe5 Bd7c6
25.Bc4d5 dxe5
26.Bd5xc6 Rh6xc6
27.exf5 Rc6f6
28.g4 Rf6h6
29.Rg1g3 Rf8e8
30.Re1e4 Qg5h4
31.Kh2 Qh4g5
32.Qf3e3 Qg5e7
33.c4 g6
34.Qe3c3 Qe7d6
35.Re4xf4 Re8g8
36.Rf4e4 Rg8e8
37.c5 Qd6c7
38.g5 Rh6h5
39.f6 Re8e6
40.Qc3c4 Qc7f7
41.Re4xe5 h6
42.c6 Re6xf6
43.Qc4xf7 Rf6xf7
44.gxh6 Rh5xe5
45.Rg3xg6 b5
46.Kg3 Re5e3
47.Kh4 Re3xa3
48.Rg6g5 a6
49.Rg5c5 Rf7c7
50.Kg4 Kh7
{ abandon }0-1

[Event "Tournoi n27390"]
[Site "www.echecsemail.com"]
[Date "2026.01.19"]
[Round "1"]
[White "Bonamur"]
[Black "Tiounet"]
[WhiteElo "1770"]
[BlackElo "1610"]
[Result "1-0"]
1.d4 b5
2.e4 Bc8b7
3.Bf1d3 a6
4.Ng1f3 Ng8f6
5.Nb1d2 g6
6.b3 Bf8g7
7.Bc1b2 O-O
8.O-O d6
9.Rf1e1 Nb8d7
10.Ra1c1 c5
11.c3 cxd4
12.cxd4 Nd7b6
13.Rc1c2 Ra8c8
14.Qd1c1 Rc8xc2
15.Qc1xc2 Qd8a8
16.Re1c1 Rf8c8
17.Qc2b1 Rc8xc1
18.Bb2xc1 Nf6h5
19.e5 Nh5f4
20.Bd3e4 Nf4e2
21.Kf1 Ne2xc1
22.Be4xb7 Qa8xb7
23.Qb1xc1 dxe5
24.dxe5 e6
25.Qc1c2 Nb6d5
26.Nd2e4 Nd5b4
27.Qc2d2 Nb4c6
28.Qd2d6 Bg7f8
29.Ne4f6 Kg7
30.Qd6d2 Nc6xe5
31.Nf6e8 Kh8
32.Nf3xe5 Qb7e4
33.Ne5xf7 Kg8
34.Ne8f6 { abandon }1-0

[Event "Tournoi n27235"]
[Site "www.echecsemail.com"]
[Date "2026.01.19"]
[Round "1"]
[White "Ponaparte"]
[Black "Alain64"]
[WhiteElo "2160"]
[BlackElo "2110"]
[Result "1-0"]
1.e4 c5
2.Ng1f3 e6
3.d4 cxd4
4.Nf3xd4 a6
5.c4 Qd8c7
6.Nb1c3 Ng8f6
7.Bc1g5 Bf8b4
8.f3 Bb4e7
9.Bg5e3 h6
10.Qd1d2 Be7b4
11.a3 Bb4xc3
12.Qd2xc3 Nb8c6
13.Bf1e2 d5
14.cxd5 exd5
15.Nd4xc6 bxc6
16.e5 Nf6h7
17.Be3c5 Bc8e6
18.O-O f5
19.f4 Kf7
20.Ra1c1 Rh8c8
21.Be2d3 a5
22.g4 g6
23.Qc3c2 Qc7d7
24.Bc5d4 Nh7f8
25.h3 fxg4
26.f5 gxf5
27.Bd3xf5 Be6xf5
28.Rf1xf5 Kg8
29.Rf5f6 Qd7h7
30.Qc2xh7 Nf8xh7
31.Rf6g6 Kf7
32.Rg6xh6 Kg7
33.Rh6xc6 Rc8xc6
34.Rc1xc6 gxh3
35.Rc6c3 Nh7g5
36.Rc3g3 Kh6
37.Bd4e3 Ra8g8
38.Rg3xh3 Kg6
39.Rh3g3 Kf5
40.e6 Ng5f3
41.Kf2 Rg8xg3
42.Kxg3 Nf3g5
43.Be3xg5 Kxg5
44.e7 { abandon }1-0